Teaching of the child rights / (Record no. 78190)

MARC details
000 -LEADER
fixed length control field 00523nam a22001817a 4500
005 - DATE AND TIME OF LATEST TRANSACTION
control field 20181228121951.0
010 ## - LCCN (DPL NO)
LC control number ENG-108184
020 ## - INTERNATIONAL STANDARD BOOK NUMBER
International Standard Book Number 9789380342641
Terms of availability 150.00
035 ## - SYSTEM CONTROL NUMBER
System control number EN-91717
037 ## - SOURCE OF ACQUISITION
Source of stock number/acquisition DBAD/PUB
082 ## - DEWEY DECIMAL CLASSIFICATION NUMBER
Classification number 344.540327
100 ## - MAIN ENTRY--PERSONAL NAME
Personal name Chinappan, K.
245 10 - TITLE STATEMENT
Title Teaching of the child rights /
Statement of responsibility, etc by K. Chinappan
260 ## - PUBLICATION, DISTRIBUTION, ETC. (IMPRINT)
Place of publication, distribution, etc Thanjavir
Name of publisher, distributor, etc Akaram
Date of publication, distribution, etc 2013
270 ## - ADDRESS
Address Plot No.1, Nirmala Nagar
City Thanjavur
Postal code 613007
300 ## - PHYSICAL DESCRIPTION
Extent 288p. :
Dimensions 22cm(pbk)
Other physical details ill.
942 ## - ADDED ENTRY ELEMENTS (KOHA)
Source of classification or shelving scheme Dewey Decimal Classification
Item type English Books
Call number suffix CHI
Classification part 344.540327
Holdings
Withdrawn status Lost status Not for loan Collection code Home library Current library Date acquired Source of acquisition Cost, normal purchase price Full call number Barcode Copy number Cost, replacement price Koha item type
    Not For Loan Non-fiction D.B.Act.Division Bawana 29/07/2013 DBAD / PUB 75.00 344.540327 CHI EN-91717 1 75.00 English Books

© Delhi Public Library
Hit Counter
free hit counter